| 000 | 00861cam a22002651 4500 | ||
|---|---|---|---|
| 001 | 2899 | ||
| 003 | BD-RjUL | ||
| 005 | 20211208233635.0 | ||
| 008 | 131217t19681949nyuabc 001 0 eng | ||
| 035 | _a(BD-RjUL)2927 | ||
| 040 |
_aDLC _cDLC _dDLC _beng |
||
| 041 | _aeng | ||
| 082 | 0 | 0 |
_a330.9561 _2165 _bTHT 1968 |
| 100 | 1 |
_aThornburg, Max Weston, _d1892- _99285 |
|
| 245 | 1 | 0 |
_aTurkey: an economic appraisal / _cMax Weston Thornburg, Graham Spry [and] George Soule. |
| 260 |
_aNew York : _bGreenwood Press, _c1968 [c1949] |
||
| 300 |
_axvi, 324 p. _billus., fold. map, port. _c22 cm. |
||
| 526 | _bEconomics | ||
| 651 | 0 |
_aTurkey _xEconomic conditions _y1918- _99286 |
|
| 700 | 1 |
_aSpry, Graham, _ejoint author. _99287 |
|
| 700 | 1 |
_aSoule, George Henry, _d1887-1970, _ejoint author. _98898 |
|
| 942 |
_2ddc _cBK |
||
| 999 |
_c2899 _d2899 |
||